LEADER 01625nam 2200277la 450 001 9910482478903321 005 20221102161628.0 035 $a(UK-CbPIL)2090361500 035 $a(CKB)5500000000092384 035 $a(EXLCZ)995500000000092384 100 $a20221102d1502 uy | 101 0 $alat 135 $aurcn||||a|bb| 200 10$aLiber Hysagoge Joannici. Liber Philareti de pulsibus. Liber Theophili de urinis. Liber Aphorismorum Hypo. cum antiqua translatione& nova Theodori Gaze elegantissima. Liber pronosticorum Hypocratis. Liber Tegni Gal. Liber aphorismorum Damasceni. Flosculi in medicina ex Cornelio Celso extracti. Collectio Aphorismorum Hypo. ad unamquamque egritudinem pertinentium 210 $aVenice $cImpressum per Joannem& Gregorium de Gregoriis$d1502 215 $aOnline resource ([188] p. (last 2 leaves blank) , (8vo)) 300 $aReproduction of original in The Wellcome Library, London. 700 $aGaze?s$b Theodo?ros$fapproximately 1400-1475.$0985388 701 $ah?unayn ibn Ish?a?q al-?Iba?di?$f809?-873.$0987800 701 $aIbn Ma?sawayh$b Yuh?anna?$f857 or 8.$0865927 801 0$bUk-CbPIL 801 1$bUk-CbPIL 906 $aBOOK 912 $a9910482478903321 996 $aLiber Hysagoge Joannici. Liber Philareti de pulsibus. Liber Theophili de urinis. Liber Aphorismorum Hypo. cum antiqua translatione& nova Theodori Gaze elegantissima. Liber pronosticorum Hypocratis. Liber Tegni Gal. Liber aphorismorum Damasceni. Flosculi in medicina ex Cornelio Celso extracti. Collectio Aphorismorum Hypo. ad unamquamque egritudinem pertinentium$94539449 997 $aUNINA